Universal message of the bhagavad gita : (Record no. 155501)

MARC details
000 -LEADER
fixed length control field 00773nam a2200241 4500
003 - CONTROL NUMBER IDENTIFIER
control field 0
005 - DATE AND TIME OF LATEST TRANSACTION
control field 20180806110230.0
008 - FIXED-LENGTH DATA ELEMENTS--GENERAL INFORMATION
fixed length control field 0
010 ## - LIBRARY OF CONGRESS CONTROL NUMBER
LC control number B-045787
020 ## - INTERNATIONAL STANDARD BOOK NUMBER
International Standard Book Number 8175052147
035 ## - SYSTEM CONTROL NUMBER
System control number B-045787
037 ## - SOURCE OF ACQUISITION
Source of stock number/acquisition Cen Lib / Ret
040 ## - CATALOGING SOURCE
Original cataloging agency DPL
Language of cataloging EN
Transcribing agency 0
082 ## - DEWEY DECIMAL CLASSIFICATION NUMBER
Classification number 181.45
Item number GIT
100 ## - MAIN ENTRY--PERSONAL NAME
Personal name Swami Ranganathananda
245 ## - TITLE STATEMENT
Title Universal message of the bhagavad gita :
Remainder of title an exposition of the Gītā in the light of modern thought and modern needs /
Statement of responsibility, etc by Swami Ranganathananda
260 ## - PUBLICATION, DISTRIBUTION, ETC. (IMPRINT)
Place of publication, distribution, etc Calcutta
Name of publisher, distributor, etc Advaita Ashrama
Date of publication, distribution, etc 2000
270 ## - ADDRESS
Address 5 Delhi Entally Road
City Calcutta
Postal code 700014
300 ## - PHYSICAL DESCRIPTION
Extent (v 1. 519)
Other physical details 24cm(Hb)
650 ## - SUBJECT ADDED ENTRY--TOPICAL TERM
Topical term or geographic name as entry element Bhagavadgīta -- Criticism, interpretation, etc.
650 ## - SUBJECT ADDED ENTRY--TOPICAL TERM
Topical term or geographic name as entry element Bhagavadgītā.
942 ## - ADDED ENTRY ELEMENTS (KOHA)
Source of classification or shelving scheme Dewey Decimal Classification
Koha item type English Books
Classification part 181.45
Call number suffix GIT
Holdings
Withdrawn status Lost status Source of classification or shelving scheme Materials specified (bound volume or other part) Damaged status Not for loan Home library Current library Date acquired Source of acquisition Cost, normal purchase price Total Checkouts Full call number Barcode Date last seen Cost, replacement price Price effective from Koha item type
    Dewey Decimal Classification v.2     Patel Nagar Patel Nagar 06/08/2018 BPPD/PUB 0.00   181.45 GIT B-045787 06/08/2018 0.00 06/08/2018 English Books

© Delhi Public Library
Hit Counter
free hit counter